| 000 | 00451nam a22001817a 4500 | ||
|---|---|---|---|
| 005 | 20180203120238.0 | ||
| 008 | 160520b xxu||||| |||| 00| 0 eng d | ||
| 020 | _a978-81-317-0070-9 | ||
| 041 | _aeng | ||
| 082 |
_b3359 _a004.22 |
||
| 100 |
_aMano, M.M. _9841 |
||
| 245 | _aComputer System architechure | ||
| 250 | _a3rd ed. | ||
| 260 |
_aDelhi _bPearson Education, _c2008 |
||
| 300 | _a520 | ||
| 650 |
_aInformation Technology _9137 |
||
| 942 | _cBK | ||
| 999 |
_c1153 _d1153 |
||